[Event "Rapid 2018"]
[Site "Saint-Petersburg"]
[Date "2018.12.28"]
[Round "12"]
[Board "99"]
[White "Al Turky Fahad A (KSA)"]
[Black "Guimaraes Diogo Duarte (BRA)"]
[Result "0-1"]
[BlackElo "2348"]
[WhiteElo "1815"]
[LiveChessVersion "1.4.8"]

1. e4 {[%clk 0:15:17]} e5 {[%clk 0:15:17]} 2. Nf3 {[%clk 0:15:17]} Nc6
{[%clk 0:15:18]} 3. Bb5 {[%clk 0:14:35]} Nf6 {[%clk 0:15:25]} 4. O-O
{[%clk 0:14:04]} Bc5 {[%clk 0:15:23]} 5. d3 {[%clk 0:13:47]} Nd4 {[%clk 0:14:58]}
6. Bc4 {[%clk 0:13:26]} d6 {[%clk 0:14:35]} 7. h3 {[%clk 0:13:00]} O-O
{[%clk 0:14:38]} 8. Nc3 {[%clk 0:11:35]} h6 {[%clk 0:14:28]} 9. Be3
{[%clk 0:11:18]} Nxf3+ {[%clk 0:12:08]} 10. Qxf3 {[%clk 0:11:23]} Qe7
{[%clk 0:10:46]} 11. Bxc5 {[%clk 0:09:28]} dxc5 {[%clk 0:10:53]} 12. Qe2
{[%clk 0:07:26]} c6 {[%clk 0:10:37]} 13. a4 {[%clk 0:07:25]} Be6 {[%clk 0:10:01]}
14. Bxe6 {[%clk 0:07:00]} Qxe6 {[%clk 0:10:09]} 15. f4 {[%clk 0:06:56]} exf4
{[%clk 0:10:06]} 16. Rxf4 {[%clk 0:06:55]} Rae8 {[%clk 0:09:59]} 17. Qf2
{[%clk 0:05:03]} Nd7 {[%clk 0:09:52]} 18. Rf1 {[%clk 0:05:01]} b6
{[%clk 0:08:21]} 19. Ne2 {[%clk 0:05:01]} Qe5 {[%clk 0:07:39]} 20. b3
{[%clk 0:04:22]} g6 {[%clk 0:07:21]} 21. Ng3 {[%clk 0:03:49]} Qd4
{[%clk 0:07:18]} 22. Kh2 {[%clk 0:03:17]} Qxf2 {[%clk 0:07:17]} 23. R1xf2
{[%clk 0:03:16]} f6 {[%clk 0:07:14]} 24. Nf1 {[%clk 0:02:56]} Kf7
{[%clk 0:07:00]} 25. Ne3 {[%clk 0:02:57]} Ke6 {[%clk 0:07:06]} 26. Kg1
{[%clk 0:02:27]} b5 {[%clk 0:06:59]} 27. axb5 {[%clk 0:02:14]} cxb5
{[%clk 0:07:07]} 28. Nd5 {[%clk 0:02:22]} Rc8 {[%clk 0:06:44]} 29. Rf1
{[%clk 0:02:10]} Rc6 {[%clk 0:05:55]} 30. Ra1 {[%clk 0:02:14]} a6
{[%clk 0:06:03]} 31. Rxa6 {[%clk 0:02:05]} Rxa6 {[%clk 0:06:11]} 32. Nc7+
{[%clk 0:02:14]} Ke5 {[%clk 0:06:20]} 33. Nxa6 {[%clk 0:02:16]} Kxf4
{[%clk 0:06:28]} 34. Nc7 {[%clk 0:02:21]} Rb8 {[%clk 0:06:03]} 35. Kf2
{[%clk 0:02:27]} Ke5 {[%clk 0:06:06]} 36. Ke3 {[%clk 0:02:30]} f5
{[%clk 0:06:11]} 37. Na6 {[%clk 0:02:22]} Rb7 {[%clk 0:05:52]} 38. c3
{[%clk 0:02:10]} f4+ {[%clk 0:06:00]} 39. Kf3 {[%clk 0:02:00]} Ra7
{[%clk 0:05:40]} 40. d4+ {[%clk 0:02:04]} cxd4 {[%clk 0:05:15]} 41. cxd4+
{[%clk 0:02:07]} Kxd4 {[%clk 0:05:23]} 42. Nb4 {[%clk 0:02:16]} Ne5+
{[%clk 0:05:31]} 43. Kxf4 {[%clk 0:01:42]} Rf7+ {[%clk 0:05:40]} 44. Kg3
{[%clk 0:01:49]} Kxe4 {[%clk 0:05:49]} 45. Na6 {[%clk 0:01:48]} Nd3
{[%clk 0:05:49]} 46. Nb8 {[%clk 0:01:50]} Rc7 {[%clk 0:05:22]} 47. Kg4
{[%clk 0:01:29]} Ne5+ {[%clk 0:04:56]} 48. Kh4 {[%clk 0:01:31]} Kf4
{[%clk 0:04:06]} 49. Na6 {[%clk 0:01:30]} Rc3 {[%clk 0:02:32]} 50. Nb4
{[%clk 0:01:34]} Rc5 {[%clk 0:02:37]} 51. Na6 {[%clk 0:01:27]} Nf3+
{[%clk 0:02:44]} 52. gxf3 {[%clk 0:01:19]} Rh5# {[%clk 0:02:52]} 0-1

[Event "Rapid 2018"]
[Site "Saint-Petersburg"]
[Date "2018.12.28"]
[Round "12"]
[Board "100"]
[White "Alsulaymi Abdullah M (KSA)"]
[Black "Ahmed Hassan Abdillahi (DJI)"]
[Result "0-1"]
[BlackElo "1570"]
[WhiteElo "1682"]
[LiveChessVersion "1.4.8"]

1. e4 {[%clk 0:15:19]} c5 {[%clk 0:14:55]} 2. b4 {[%clk 0:15:26]} b6
{[%clk 0:14:59]} 3. bxc5 {[%clk 0:15:33]} bxc5 {[%clk 0:15:08]} 4. Nf3
{[%clk 0:15:41]} Bb7 {[%clk 0:15:16]} 5. Nc3 {[%clk 0:15:49]} g6 {[%clk 0:15:23]}
6. Rb1 {[%clk 0:15:55]} Qc7 {[%clk 0:15:30]} 7. Bc4 {[%clk 0:15:40]} e6
{[%clk 0:15:31]} 8. O-O Bg7 9. d3 {[%clk 0:15:21]} Bxc3 {[%clk 0:15:36]} 10. Bb3
{[%clk 0:13:40]} Nc6 {[%clk 0:15:37]} 11. Ba3 {[%clk 0:13:21]} Na5
{[%clk 0:15:30]} 12. d4 {[%clk 0:13:20]} Bxe4 {[%clk 0:15:16]} 13. Bxc5
{[%clk 0:13:05]} Ne7 {[%clk 0:14:51]} 14. Qe2 {[%clk 0:12:38]} Bc6
{[%clk 0:14:49]} 15. Qd3 {[%clk 0:12:30]} Nxb3 {[%clk 0:14:56]} 16. Rxb3
{[%clk 0:12:30]} Nd5 {[%clk 0:14:53]} 17. Ng5 {[%clk 0:11:55]} d6
{[%clk 0:15:00]} 18. Ba3 {[%clk 0:11:45]} O-O 19. Qh3 h5 {[%clk 0:14:27]} 20. g4
{[%clk 0:11:43]} Qe7 {[%clk 0:14:29]} 21. Ne4 {[%clk 0:11:49]} Bxd4
{[%clk 0:14:30]} 22. Nxd6 {[%clk 0:11:36]} Qg5 {[%clk 0:14:38]} 23. Rg3
{[%clk 0:08:48]} Nf4 {[%clk 0:13:42]} 24. Qxh5 {[%clk 0:08:33]} Ne2#
{[%clk 0:13:46]} 0-1

[Event "Rapid 2018"]
[Site "Saint-Petersburg"]
[Date "2018.12.28"]
[Round "13"]
[Board "8"]
[White "Karjakin Sergey (RUS)"]
[Black "Petrosian Tigran L. (ARM)"]
[Result "1-0"]
[LiveChessVersion "1.4.8"]
[BlackElo "2676"]
[WhiteElo "2774"]

1. e4 {[%clk 0:15:19]} d6 {[%clk 0:15:19]} 2. d4 {[%clk 0:15:27]} Nf6
{[%clk 0:15:28]} 3. Nc3 {[%clk 0:15:36]} c6 {[%clk 0:15:37]} 4. f4
{[%clk 0:15:40]} Qa5 {[%clk 0:15:43]} 5. Bd3 {[%clk 0:15:48]} e5 {[%clk 0:15:51]}
6. Nf3 {[%clk 0:15:53]} Bg4 {[%clk 0:15:59]} 7. Be3 {[%clk 0:15:57]} Nbd7
{[%clk 0:16:08]} 8. O-O {[%clk 0:15:40]} Be7 {[%clk 0:16:14]} 9. h3
{[%clk 0:15:16]} Bxf3 {[%clk 0:16:21]} 10. Qxf3 {[%clk 0:15:24]} O-O
{[%clk 0:16:18]} 11. Ne2 {[%clk 0:15:09]} Bd8 {[%clk 0:13:23]} 12. c3
{[%clk 0:13:49]} b5 {[%clk 0:12:41]} 13. a3 {[%clk 0:12:30]} Qa4 {[%clk 0:09:35]}
14. Rad1 {[%clk 0:11:02]} Qb3 {[%clk 0:05:20]} 15. Rd2 {[%clk 0:11:11]} Nb6
{[%clk 0:05:08]} 16. dxe5 {[%clk 0:10:40]} dxe5 {[%clk 0:04:53]} 17. fxe5
{[%clk 0:10:47]} Nfd7 {[%clk 0:04:53]} 18. Nd4 {[%clk 0:10:55]} Qa4
{[%clk 0:04:59]} 19. Nxc6 {[%clk 0:09:15]} b4 {[%clk 0:03:08]} 20. Nxb4
{[%clk 0:09:21]} Nxe5 {[%clk 0:03:17]} 21. Qg3 {[%clk 0:09:01]} Qe8
{[%clk 0:02:22]} 22. Nd5 {[%clk 0:08:15]} Ng6 {[%clk 0:02:03]} 23. Bc5
{[%clk 0:07:51]} Nd7 {[%clk 0:01:28]} 24. Bb5 {[%clk 0:07:43]} Qe5
{[%clk 0:00:15]} 25. Qxe5 {[%clk 0:07:47]} Ndxe5 {[%clk 0:00:24]} 26. Bxf8
{[%clk 0:07:49]} Nxf8 {[%clk 0:00:28]} 27. b4 {[%clk 0:07:42]} Ne6
{[%clk 0:00:29]} 28. Rf5 {[%clk 0:07:24]} f6 {[%clk 0:00:26]} 29. Rdf2
{[%clk 0:06:47]} h6 {[%clk 0:00:22]} 30. Rf1 {[%clk 0:06:44]} Kh7
{[%clk 0:00:23]} 31. R5f2 {[%clk 0:06:46]} a6 {[%clk 0:00:24]} 32. Be2
{[%clk 0:06:42]} Ng5 {[%clk 0:00:33]} 33. Bg4 {[%clk 0:06:40]} Kh8
{[%clk 0:00:26]} 34. Rc2 {[%clk 0:06:40]} Nxe4 {[%clk 0:00:30]} 35. c4
{[%clk 0:06:46]} Nd6 {[%clk 0:00:18]} 36. c5 {[%clk 0:06:46]} Nb5
{[%clk 0:00:27]} 37. a4 {[%clk 0:06:43]} Nd4 {[%clk 0:00:37]} 38. Rd2
{[%clk 0:06:49]} Nb3 {[%clk 0:00:16]} 39. Re2 {[%clk 0:06:51]} a5
{[%clk 0:00:18]} 40. Rxe5 {[%clk 0:06:29]} fxe5 {[%clk 0:00:27]} 41. Rf8+
{[%clk 0:06:38]} Kh7 {[%clk 0:00:36]} 42. c6 {[%clk 0:05:30]} Bb6+
{[%clk 0:00:41]} 43. Nxb6 {[%clk 0:05:39]} Rxf8 {[%clk 0:00:51]} 44. bxa5
{[%clk 0:05:44]} h5 {[%clk 0:00:32]} 45. Bxh5 {[%clk 0:05:33]} Nxa5
{[%clk 0:00:22]} 46. c7 {[%clk 0:05:38]} Nc4 {[%clk 0:00:31]} 47. c8=Q
{[%clk 0:05:38]} 1-0

[Event "Rapid 2018"]
[Site "Saint-Petersburg"]
[Date "2018.12.28"]
[Round "13"]
[Board "9"]
[White "Nepomniachtchi Ian (RUS)"]
[Black "Salem A.R. Saleh (UAE)"]
[Result "0-1"]
[LiveChessVersion "1.4.8"]
[BlackElo "2682"]
[WhiteElo "2771"]

1. e4 {[%clk 0:15:18]} c5 {[%clk 0:13:17]} 2. Nf3 {[%clk 0:15:25]} d6
{[%clk 0:13:26]} 3. d4 {[%clk 0:15:34]} cxd4 4. Nxd4 {[%clk 0:15:43]} Nf6
{[%clk 0:13:43]} 5. Nc3 {[%clk 0:15:51]} a6 {[%clk 0:13:52]} 6. Be2
{[%clk 0:16:00]} e5 {[%clk 0:13:57]} 7. Nb3 {[%clk 0:16:08]} Be7 {[%clk 0:14:05]}
8. O-O {[%clk 0:16:15]} O-O {[%clk 0:14:13]} 9. Qd3 {[%clk 0:16:24]} Be6
{[%clk 0:13:36]} 10. Bd2 {[%clk 0:16:31]} Nbd7 {[%clk 0:13:39]} 11. Nd5
{[%clk 0:16:39]} Bxd5 {[%clk 0:11:12]} 12. exd5 {[%clk 0:16:47]} a5
{[%clk 0:11:17]} 13. a4 {[%clk 0:16:13]} g6 {[%clk 0:08:24]} 14. Be3
{[%clk 0:15:49]} Ne8 {[%clk 0:08:23]} 15. Nd2 {[%clk 0:15:34]} Bg5
{[%clk 0:07:36]} 16. Nc4 {[%clk 0:15:07]} Bxe3 {[%clk 0:07:36]} 17. Qxe3
{[%clk 0:15:07]} f5 {[%clk 0:07:37]} 18. c3 {[%clk 0:14:46]} Qc7 {[%clk 0:05:58]}
19. b4 {[%clk 0:14:53]} b6 {[%clk 0:05:36]} 20. Na3 {[%clk 0:14:25]} Ndf6
{[%clk 0:05:39]} 21. Rfd1 {[%clk 0:14:20]} Ng7 {[%clk 0:05:31]} 22. Nb5
{[%clk 0:12:26]} Qd8 {[%clk 0:05:39]} 23. bxa5 {[%clk 0:11:43]} Rxa5
{[%clk 0:05:47]} 24. c4 {[%clk 0:11:26]} Ne4 {[%clk 0:05:25]} 25. Bd3
{[%clk 0:10:41]} Nc5 {[%clk 0:05:33]} 26. Bc2 {[%clk 0:10:50]} f4
{[%clk 0:05:06]} 27. Qh3 {[%clk 0:10:55]} Nf5 {[%clk 0:05:10]} 28. Re1
{[%clk 0:10:46]} h5 {[%clk 0:04:26]} 29. Kh1 {[%clk 0:10:15]} Kg7
{[%clk 0:04:34]} 30. g3 {[%clk 0:10:10]} fxg3 {[%clk 0:04:14]} 31. fxg3
{[%clk 0:09:53]} Nh6 {[%clk 0:04:00]} 32. Qg2 {[%clk 0:09:10]} Ng4
{[%clk 0:03:52]} 33. Re2 {[%clk 0:09:19]} Qf6 {[%clk 0:03:55]} 34. h3
{[%clk 0:09:06]} e4 {[%clk 0:02:57]} 35. Rae1 {[%clk 0:08:40]} Ne5
{[%clk 0:02:34]} 36. Bxe4 {[%clk 0:07:36]} Rxa4 {[%clk 0:02:42]} 37. Bb1
{[%clk 0:07:42]} Rb4 {[%clk 0:02:13]} 38. Nd4 {[%clk 0:07:27]} Rxc4
{[%clk 0:02:12]} 39. Ne6+ {[%clk 0:07:36]} Nxe6 {[%clk 0:02:19]} 40. dxe6
{[%clk 0:07:44]} Rc3 {[%clk 0:02:07]} 41. Qb7+ {[%clk 0:06:11]} Kh6
{[%clk 0:02:15]} 42. Qg2 {[%clk 0:06:20]} Ra3 {[%clk 0:01:55]} 43. Ra2
{[%clk 0:06:11]} Rxa2 {[%clk 0:01:24]} 44. Bxa2 {[%clk 0:06:19]} b5
{[%clk 0:00:59]} 45. Bd5 {[%clk 0:06:28]} Kg7 {[%clk 0:00:58]} 46. Rc1
{[%clk 0:06:21]} Qe7 {[%clk 0:00:35]} 47. Qd2 {[%clk 0:05:35]} h4
{[%clk 0:00:20]} 48. g4 {[%clk 0:05:33]} g5 {[%clk 0:00:18]} 49. Qe3
{[%clk 0:05:03]} Kh6 {[%clk 0:00:26]} 50. Qb3 {[%clk 0:04:00]} b4
{[%clk 0:00:25]} 51. Rd1 {[%clk 0:03:39]} Rf4 {[%clk 0:00:33]} 52. Bg2
{[%clk 0:03:47]} Nc4 {[%clk 0:00:33]} 53. Re1 {[%clk 0:03:27]} Ne5
{[%clk 0:00:36]} 54. Rd1 {[%clk 0:03:32]} Rc4 {[%clk 0:00:32]} 55. Bf1
{[%clk 0:03:22]} Rf4 {[%clk 0:00:24]} 56. Bg2 {[%clk 0:03:30]} Kg7
{[%clk 0:00:31]} 57. Ra1 {[%clk 0:03:23]} Qc7 {[%clk 0:00:14]} 58. Qd5
{[%clk 0:02:57]} Kf6 {[%clk 0:00:13]} 59. Qa8 {[%clk 0:03:00]} Ng6
{[%clk 0:00:16]} 60. Ra7 {[%clk 0:02:01]} Qc1+ {[%clk 0:00:23]} 61. Kh2
{[%clk 0:02:10]} Qc5 {[%clk 0:00:12]} 62. Rf7+ {[%clk 0:02:12]} Ke5
{[%clk 0:00:19]} 63. e7 {[%clk 0:02:10]} Nxe7 {[%clk 0:00:19]} 64. Rxe7+
{[%clk 0:02:19]} Kd4 {[%clk 0:00:27]} 65. Qa1+ {[%clk 0:02:22]} Kc4
{[%clk 0:00:17]} 66. Qc1+ {[%clk 0:01:41]} Kb3 {[%clk 0:00:15]} 67. Re3+
{[%clk 0:01:47]} Ka4 {[%clk 0:00:21]} 68. Qa1+ {[%clk 0:01:53]} Kb5
{[%clk 0:00:29]} 69. Bf1+ {[%clk 0:02:02]} Kb6 {[%clk 0:00:29]} 70. Qa6+
{[%clk 0:01:35]} Kc7 {[%clk 0:00:38]} 71. Qe2 {[%clk 0:01:37]} Kb6
{[%clk 0:00:26]} 72. Bg2 {[%clk 0:01:43]} Rc4 {[%clk 0:00:30]} 73. Qf3
{[%clk 0:01:40]} Rc1 {[%clk 0:00:12]} 74. Qb7+ {[%clk 0:00:54]} Ka5
{[%clk 0:00:21]} 75. Qa8+ {[%clk 0:01:03]} Kb6 {[%clk 0:00:27]} 76. Qd8+
{[%clk 0:00:58]} Ka6 {[%clk 0:00:27]} 77. Qe7 {[%clk 0:00:44]} Kb6
{[%clk 0:00:37]} 78. Qe8 {[%clk 0:00:42]} Ka6 {[%clk 0:00:36]} 79. Bf3
{[%clk 0:00:50]} Kb6 {[%clk 0:00:15]} 80. Qd8+ {[%clk 0:00:53]} Qc7
{[%clk 0:00:15]} 81. Qxg5 {[%clk 0:00:34]} d5+ {[%clk 0:00:13]} 82. Qe5
{[%clk 0:00:43]} Qxe5+ 83. Rxe5 {[%clk 0:00:52]} b3 {[%clk 0:00:17]} 84. Bxd5
{[%clk 0:00:40]} b2 {[%clk 0:00:14]} 85. Ba2 {[%clk 0:00:34]} Ra1
{[%clk 0:00:19]} 86. Re6+ {[%clk 0:00:35]} Kc5 {[%clk 0:00:14]} 87. Re5+
{[%clk 0:00:40]} Kb4 {[%clk 0:00:15]} 88. Re4+ {[%clk 0:00:24]} Ka3
{[%clk 0:00:24]} 89. Bb1 {[%clk 0:00:13]} Rxb1 {[%clk 0:00:33]} 90. Re8
{[%clk 0:00:21]} Ra1 {[%clk 0:00:34]} 91. Ra8+ {[%clk 0:00:30]} Kb3
{[%clk 0:00:43]} 92. Rb8+ {[%clk 0:00:39]} Kc3 {[%clk 0:00:52]} 93. Kg2
{[%clk 0:00:48]} b1=Q {[%clk 0:00:57]} 0-1

[Event "Rapid 2018"]
[Site "Saint-Petersburg"]
[Date "2018.12.28"]
[Round "13"]
[Board "15"]
[White "Mamedov Rauf (AZE)"]
[Black "Saric Ivan (CRO)"]
[Result "0-1"]
[LiveChessVersion "1.4.8"]
[BlackElo "2661"]
[WhiteElo "2739"]

1. e4 {[%clk 0:15:19]} c5 {[%clk 0:15:19]} 2. Nf3 {[%clk 0:15:27]} d6
{[%clk 0:15:28]} 3. Nc3 {[%clk 0:15:34]} Nf6 {[%clk 0:15:31]} 4. e5
{[%clk 0:15:43]} dxe5 {[%clk 0:15:40]} 5. Nxe5 {[%clk 0:15:53]} a6
{[%clk 0:15:48]} 6. g3 {[%clk 0:16:01]} Qc7 {[%clk 0:15:41]} 7. d4
{[%clk 0:16:10]} cxd4 {[%clk 0:14:50]} 8. Qxd4 {[%clk 0:16:20]} Nc6
{[%clk 0:14:52]} 9. Nxc6 {[%clk 0:16:29]} Qxc6 {[%clk 0:14:58]} 10. Bg5
{[%clk 0:16:37]} Qd7 {[%clk 0:06:47]} 11. Bxf6 {[%clk 0:10:47]} gxf6
{[%clk 0:05:46]} 12. Nd5 {[%clk 0:10:51]} Bh6 {[%clk 0:05:07]} 13. Rd1
{[%clk 0:09:21]} Qe6+ {[%clk 0:04:37]} 14. Be2 {[%clk 0:09:16]} O-O
{[%clk 0:04:46]} 15. Qc5 {[%clk 0:07:31]} Qe4 {[%clk 0:04:13]} 16. f3
{[%clk 0:07:21]} Qe5 {[%clk 0:03:49]} 17. f4 {[%clk 0:06:39]} Qxb2
{[%clk 0:03:21]} 18. O-O {[%clk 0:05:14]} Be6 {[%clk 0:02:46]} 19. Nxe7+
{[%clk 0:05:19]} Kh8 {[%clk 0:02:52]} 20. Bd3 {[%clk 0:03:53]} Rad8
{[%clk 0:02:15]} 21. Qh5 {[%clk 0:03:49]} Rxd3 {[%clk 0:01:47]} 22. cxd3
{[%clk 0:02:36]} Bg7 {[%clk 0:01:52]} 23. Nf5 {[%clk 0:02:38]} Rc8
{[%clk 0:01:12]} 24. Rb1 {[%clk 0:01:43]} Qxa2 {[%clk 0:00:59]} 25. Nd4
{[%clk 0:00:43]} Bd5 {[%clk 0:01:01]} 26. Qe2 {[%clk 0:00:40]} f5
{[%clk 0:01:06]} 27. Qxa2 {[%clk 0:00:48]} Bxa2 {[%clk 0:01:06]} 28. Rb4
{[%clk 0:00:37]} a5 {[%clk 0:00:54]} 29. Ra4 {[%clk 0:00:47]} Bxd4+ 30. Rxd4 b5
{[%clk 0:00:38]} 31. g4 {[%clk 0:00:18]} b4 {[%clk 0:00:38]} 32. Ra1
{[%clk 0:00:18]} b3 33. Ra4 Rc2 {[%clk 0:00:49]} 34. g5 {[%clk 0:00:24]} b2
{[%clk 0:00:57]} 35. R4xa2 {[%clk 0:00:33]} Rc1+ 0-1

[Event "Rapid 2018"]
[Site "Saint-Petersburg"]
[Date "2018.12.28"]
[Round "13"]
[Board "17"]
[White "Anton Guijarro David (ESP)"]
[Black "Amin Bassem (EGY)"]
[Result "1-0"]
[LiveChessVersion "1.4.8"]
[BlackElo "2630"]
[WhiteElo "2708"]

1. e4 {[%clk 0:15:17]} e5 {[%clk 0:13:26]} 2. Nf3 {[%clk 0:15:23]} Nc6
{[%clk 0:13:34]} 3. Bc4 {[%clk 0:15:31]} Bc5 {[%clk 0:13:19]} 4. c3
{[%clk 0:15:38]} Nf6 {[%clk 0:13:26]} 5. d4 {[%clk 0:15:45]} exd4
{[%clk 0:13:33]} 6. e5 {[%clk 0:15:53]} d5 {[%clk 0:13:25]} 7. Bb5
{[%clk 0:16:00]} Ne4 {[%clk 0:13:28]} 8. cxd4 {[%clk 0:16:07]} Bb6
{[%clk 0:13:32]} 9. Nc3 {[%clk 0:16:14]} O-O {[%clk 0:13:37]} 10. Be3
{[%clk 0:16:21]} f6 {[%clk 0:12:17]} 11. Qb3 {[%clk 0:16:24]} Nxc3
{[%clk 0:12:06]} 12. Bxc6 {[%clk 0:16:31]} bxc6 {[%clk 0:12:09]} 13. Qxc3
{[%clk 0:16:39]} Bg4 {[%clk 0:11:34]} 14. exf6 {[%clk 0:15:57]} Qxf6
{[%clk 0:09:38]} 15. Ne5 {[%clk 0:15:47]} Bf5 {[%clk 0:09:29]} 16. O-O
{[%clk 0:14:58]} Rae8 {[%clk 0:09:07]} 17. b4 {[%clk 0:14:10]} Qh4
{[%clk 0:06:10]} 18. f4 {[%clk 0:12:00]} Be4 {[%clk 0:06:03]} 19. Rf2
{[%clk 0:11:43]} Re6 {[%clk 0:06:00]} 20. Raf1 {[%clk 0:09:31]} Rh6
{[%clk 0:05:15]} 21. h3 {[%clk 0:09:34]} Qg3 {[%clk 0:04:50]} 22. Rf3
{[%clk 0:09:17]} Bxf3 {[%clk 0:04:42]} 23. Rxf3 {[%clk 0:09:22]} Qh4
{[%clk 0:04:41]} 24. a4 {[%clk 0:09:10]} a6 {[%clk 0:04:27]} 25. a5
{[%clk 0:09:15]} Ba7 {[%clk 0:04:36]} 26. Nxc6 {[%clk 0:08:06]} Bb8
{[%clk 0:04:41]} 27. f5 {[%clk 0:07:02]} Rhf6 {[%clk 0:03:30]} 28. Bf2
{[%clk 0:05:16]} Qg5 {[%clk 0:02:38]} 29. Qc5 {[%clk 0:04:36]} Kh8
{[%clk 0:02:29]} 30. Bg3 {[%clk 0:03:25]} h5 {[%clk 0:01:36]} 31. b5
{[%clk 0:02:55]} axb5 {[%clk 0:01:39]} 32. a6 {[%clk 0:02:33]} Kh7
{[%clk 0:01:38]} 33. Nxb8 {[%clk 0:02:09]} Rxb8 {[%clk 0:01:41]} 34. a7
{[%clk 0:02:15]} Ra8 {[%clk 0:01:26]} 35. Be5 {[%clk 0:01:42]} Rxf5
{[%clk 0:01:01]} 36. Qc2 {[%clk 0:01:40]} 1-0

[Event "Rapid 2018"]
[Site "Saint-Petersburg"]
[Date "2018.12.28"]
[Round "13"]
[Board "18"]
[White "Cheparinov Ivan (GEO)"]
[Black "Rakhmanov Aleksandr (RUS)"]
[Result "1/2-1/2"]
[LiveChessVersion "1.4.8"]
[BlackElo "2613"]
[WhiteElo "2697"]

1. Nf3 {[%clk 0:15:15]} Nf6 {[%clk 0:15:17]} 2. c4 {[%clk 0:15:22]} d6
{[%clk 0:15:21]} 3. d4 {[%clk 0:15:27]} g6 {[%clk 0:15:28]} 4. Nc3
{[%clk 0:15:34]} Bf5 {[%clk 0:15:35]} 5. Qb3 {[%clk 0:15:29]} b6 {[%clk 0:15:43]}
6. g3 {[%clk 0:15:32]} Bg7 {[%clk 0:15:44]} 7. Bg2 {[%clk 0:15:29]} Nc6
{[%clk 0:15:51]} 8. Qa4 {[%clk 0:14:28]} Bd7 {[%clk 0:15:58]} 9. Qd1
{[%clk 0:14:35]} O-O {[%clk 0:15:54]} 10. O-O {[%clk 0:14:41]} e5
{[%clk 0:15:05]} 11. d5 {[%clk 0:14:32]} Ne7 {[%clk 0:15:03]} 12. e4
{[%clk 0:14:37]} Ne8 {[%clk 0:14:26]} 13. Ne1 {[%clk 0:14:26]} f5
{[%clk 0:14:30]} 14. Nd3 {[%clk 0:13:53]} Nf6 {[%clk 0:14:21]} 15. f3
{[%clk 0:13:24]} a5 {[%clk 0:13:20]} 16. Bd2 {[%clk 0:13:28]} h5 {[%clk 0:13:03]}
17. h4 {[%clk 0:10:24]} fxe4 {[%clk 0:12:43]} 18. fxe4 {[%clk 0:10:29]} Ng4
{[%clk 0:12:48]} 19. Qe2 {[%clk 0:10:31]} Kh7 {[%clk 0:12:50]} 20. Rxf8
{[%clk 0:10:30]} Qxf8 {[%clk 0:12:41]} 21. Rf1 {[%clk 0:10:40]} Qe8
{[%clk 0:12:07]} 22. Ne1 {[%clk 0:10:29]} Ng8 {[%clk 0:12:03]} 23. Nf3
{[%clk 0:10:38]} N8f6 {[%clk 0:12:08]} 24. Ng5+ {[%clk 0:10:47]} Kg8
{[%clk 0:12:16]} 25. Nb5 {[%clk 0:10:44]} Rc8 {[%clk 0:11:37]} 26. b3
{[%clk 0:10:46]} Nh7 {[%clk 0:11:26]} 27. Nxh7 {[%clk 0:09:17]} Kxh7
{[%clk 0:11:34]} 28. Nc3 {[%clk 0:08:50]} Qe7 {[%clk 0:09:40]} 29. Bg5
{[%clk 0:08:40]} Bf6 {[%clk 0:09:44]} 30. Bxf6 {[%clk 0:07:50]} Nxf6
{[%clk 0:09:52]} 31. Qd2 {[%clk 0:07:06]} Kg7 {[%clk 0:09:24]} 32. Qg5
{[%clk 0:06:29]} Rf8 {[%clk 0:08:54]} 33. Nb1 {[%clk 0:06:12]} Qd8
{[%clk 0:08:21]} 34. Nd2 {[%clk 0:05:57]} Nh7 {[%clk 0:07:43]} 35. Qxd8
{[%clk 0:05:50]} Rxd8 {[%clk 0:07:51]} 36. Nf3 {[%clk 0:05:48]} Bg4
{[%clk 0:06:35]} 37. Ng5 {[%clk 0:05:23]} Nxg5 {[%clk 0:05:55]} 38. hxg5
{[%clk 0:05:31]} Rf8 {[%clk 0:03:30]} 39. Rxf8 {[%clk 0:05:30]} Kxf8
{[%clk 0:03:39]} 40. Kf2 {[%clk 0:05:33]} Ke7 {[%clk 0:03:24]} 1/2-1/2

[Event "Rapid 2018"]
[Site "Saint-Petersburg"]
[Date "2018.12.28"]
[Round "13"]
[Board "19"]
[White "Antipov Mikhail Al. (RUS)"]
[Black "Motylev Alexander (RUS)"]
[Result "1/2-1/2"]
[LiveChessVersion "1.4.8"]
[BlackElo "2697"]
[WhiteElo "2628"]

1. e4 {[%clk 0:15:19]} e5 {[%clk 0:15:18]} 2. Nf3 {[%clk 0:15:27]} Nc6
{[%clk 0:15:23]} 3. Bb5 {[%clk 0:15:36]} Nge7 {[%clk 0:15:28]} 4. h4
{[%clk 0:14:45]} Nd4 {[%clk 0:14:51]} 5. Nxd4 {[%clk 0:12:01]} exd4
{[%clk 0:15:00]} 6. Qf3 {[%clk 0:11:57]} c6 {[%clk 0:14:52]} 7. Bc4
{[%clk 0:10:00]} d5 {[%clk 0:14:52]} 8. exd5 {[%clk 0:10:09]} Nxd5
{[%clk 0:14:45]} 9. Bxd5 {[%clk 0:10:07]} cxd5 {[%clk 0:14:25]} 10. d3
{[%clk 0:07:54]} Be7 {[%clk 0:12:02]} 11. h5 {[%clk 0:07:42]} O-O
{[%clk 0:12:09]} 12. O-O {[%clk 0:07:43]} Be6 {[%clk 0:11:15]} 13. h6
{[%clk 0:07:48]} g5 {[%clk 0:10:54]} 14. Nd2 {[%clk 0:07:31]} g4 {[%clk 0:08:41]}
15. Qf4 {[%clk 0:06:50]} Bg5 {[%clk 0:08:43]} 16. Qh2 {[%clk 0:05:58]} f5
{[%clk 0:08:30]} 17. Nb3 {[%clk 0:05:14]} f4 {[%clk 0:08:11]} 18. Nxd4
{[%clk 0:05:22]} Bd7 {[%clk 0:08:16]} 19. g3 {[%clk 0:03:32]} Rf6
{[%clk 0:05:41]} 20. Bxf4 {[%clk 0:02:38]} Bxf4 {[%clk 0:05:17]} 21. gxf4
{[%clk 0:02:46]} Qb6 {[%clk 0:05:16]} 22. c3 {[%clk 0:02:41]} Rxh6
{[%clk 0:04:13]} 23. Qg2 {[%clk 0:02:51]} Qd6 {[%clk 0:03:58]} 24. Rae1
{[%clk 0:02:35]} Rh5 {[%clk 0:02:32]} 25. Re3 {[%clk 0:01:12]} Qxf4
{[%clk 0:02:11]} 26. Re7 {[%clk 0:01:16]} Qd6 {[%clk 0:02:01]} 27. Rfe1
{[%clk 0:01:22]} Rf8 {[%clk 0:02:10]} 28. Qg3 {[%clk 0:01:11]} Qh6
{[%clk 0:02:01]} 29. Qg2 {[%clk 0:01:03]} g3 {[%clk 0:01:56]} 30. fxg3
{[%clk 0:00:27]} Bh3 {[%clk 0:01:59]} 31. Qe2 {[%clk 0:00:36]} Bc8
{[%clk 0:01:25]} 32. Qg2 {[%clk 0:00:44]} Bh3 {[%clk 0:01:26]} 33. Qe2
{[%clk 0:00:53]} Bc8 {[%clk 0:00:53]} 34. Qg2 {[%clk 0:01:02]} Bh3
{[%clk 0:00:53]} 1/2-1/2